[Event "Bayern-chTT (RL Nord-Ost)"]
[Site "Bayern 2008/09"]
[Date "2008.10.26"]
[Round "2.1"]
[White "Lutz, Dieter"]
[Black "Trenchev, Yolo"]
[Result "1-0"]
[WhiteElo "2274"]
[BlackElo "2130"]
[PlyCount "123"]
[EventDate "2009.03.??"]
[EventType "team-tourn"]
[EventRounds "9"]
[WhiteTeam "Bechhofen 1"]
[BlackTeam "Regensburg-Fortuna 2"]

1. e4 e6 2. d4 d5 3. Nd2 Nf6 4. e5 Nfd7 5. Bd3 c5 6. c3 Nc6 7. Ne2 cxd4 8. cxd4
f6 9. Nf4 Qe7 10. exf6 Qxf6 11. Nf3 Bb4+ 12. Kf1 g6 13. Qe2 Nb6 14. g3 O-O 15.
Kg2 Bd7 16. Bb5 Rae8 17. Bxc6 Bxc6 18. Ne5 Bd6 19. Re1 Nc4 20. b3 Nb6 21. Ng4
Qe7 22. Qxe6+ Qxe6 23. Rxe6 Be7 24. Re1 Bd7 25. Ne5 Bf5 26. Bd2 Ba3 27. Nfd3
Rc8 28. Bc1 Bd6 29. Bh6 Rfe8 30. Rac1 Rxc1 31. Rxc1 Na8 32. Bf4 Nc7 33. Nc5 Nb5
34. Nxb7 Ba3 35. Rd1 Bb2 36. Be3 Nxd4 37. Bxd4 Bxd4 38. Rxd4 Rxe5 39. Rd2 Re6
40. Nc5 Rc6 41. b4 a5 42. a3 axb4 43. axb4 Rb6 44. Rd4 Bb1 45. Na4 Rd6 46. b5
Bc2 47. Nc5 Rb6 48. Rb4 d4 49. Kf3 Bd1+ 50. Ke4 Be2 51. Nd3 Kf7 52. Rb3 Bd1 53.
Rb4 Bc2 54. Rb2 Bd1 55. Kxd4 Kf6 56. Kc5 Rb8 57. Nb4 Bf3 58. Nc6 Rb7 59. Rb4 g5
60. h4 h6 61. hxg5+ hxg5 62. b6 1-0

[Event "Bayern-chTT (RL Nord-Ost)"]
[Site "Bayern 2008/09"]
[Date "2008.10.26"]
[Round "2.2"]
[White "Gaydarzhy, Pavlo"]
[Black "Alsheimer, Christoph"]
[Result "0-1"]
[WhiteElo "2120"]
[BlackElo "2224"]
[PlyCount "78"]
[EventDate "2009.03.??"]
[EventType "team-tourn"]
[EventRounds "9"]
[WhiteTeam "Regensburg-Fortuna 2"]
[BlackTeam "Bechhofen 1"]

1. d4 e6 2. c4 Nf6 3. Nc3 Bb4 4. Qc2 c5 5. dxc5 Na6 6. a3 Bxc3+ 7. Qxc3 Nxc5 8.
f3 d6 9. b4 Ncd7 10. e4 Qc7 11. Ne2 b6 12. Bb2 Ba6 13. Nd4 Rc8 14. Rc1 O-O 15.
Be2 Ne5 16. b5 Bb7 17. O-O Ng6 18. Rfd1 Nf4 19. Bf1 Qc5 20. Qe3 Qg5 21. Qe1
N6h5 22. Kh1 Rfe8 23. g3 Ng6 24. Bg2 Nf6 25. a4 Qh5 26. Qf1 d5 27. Nc6 Bxc6 28.
bxc6 dxe4 29. fxe4 Ng4 30. Qg1 Rxc6 31. Rd7 N6e5 32. Rxa7 Nd3 33. Rc2 Rxc4 34.
Rd2 Nxb2 35. Rxb2 Nxh2 36. Qxh2 Rc1+ 37. Bf1 Rxf1+ 38. Kg2 Qf3+ 39. Kh3 Rh1 0-1

[Event "Bayern-chTT (RL Nord-Ost)"]
[Site "Bayern 2008/09"]
[Date "2008.10.26"]
[Round "2.3"]
[White "Kurz, Christian"]
[Black "Paerr, Manfred"]
[Result "1/2-1/2"]
[WhiteElo "2074"]
[BlackElo "2118"]
[PlyCount "55"]
[EventDate "2009.03.??"]
[EventType "team-tourn"]
[EventRounds "9"]
[WhiteTeam "Bechhofen 1"]
[BlackTeam "Regensburg-Fortuna 2"]

1. e4 e5 2. Nf3 Nc6 3. Bb5 a6 4. Ba4 Nf6 5. O-O b5 6. Bb3 Be7 7. Re1 O-O 8. h3
d6 9. c3 Na5 10. Bc2 c5 11. d4 Qc7 12. dxe5 dxe5 13. Nbd2 Bb7 14. Nf1 Rfe8 15.
Ng3 g6 16. Nh2 Rad8 17. Qf3 Kg7 18. h4 h5 19. Bg5 Bc8 20. b3 Nc6 21. Qe3 Ng4
22. Nxg4 Bxg4 23. Bd1 Be6 24. Bxh5 Rh8 25. Bxe7 Qxe7 26. Bf3 Rxh4 27. Rad1 Rhh8
28. Rxd8 1/2-1/2

[Event "Bayern-chTT (RL Nord-Ost)"]
[Site "Bayern 2008/09"]
[Date "2008.10.26"]
[Round "2.4"]
[White "Kirschbaum, Heinrich"]
[Black "Ponnath, Lorenz"]
[Result "0-1"]
[WhiteElo "2046"]
[BlackElo "1967"]
[PlyCount "74"]
[EventDate "2009.03.??"]
[EventType "team-tourn"]
[EventRounds "9"]
[WhiteTeam "Regensburg-Fortuna 2"]
[BlackTeam "Bechhofen 1"]

1. Nf3 b6 2. g3 e5 3. d3 Bb7 4. Bg2 Ne7 5. O-O Ng6 6. c4 Be7 7. Nc3 Na6 8. a3
Nc5 9. e4 O-O 10. h4 Bf6 11. h5 Ne7 12. b4 Ne6 13. Nd5 Nc6 14. Nh2 Bg5 15. f4
exf4 16. gxf4 Bh4 17. f5 Bf6 18. Ra2 Bd4+ 19. Kh1 Ng5 20. f6 Ne6 21. Ng4 Ne5
22. Nge3 gxf6 23. Nf5 Kh8 24. Nxd4 Nxd4 25. Nxf6 Rg8 26. Raf2 d6 27. Be3 c5 28.
Rf4 Rg3 29. Qe1 Rg7 30. Qd2 Qe7 31. Bxd4 cxd4 32. Kh2 Rg5 33. R1f2 Rf8 34. Bf1
Bc8 35. Qb2 Rfg8 36. Qxd4 Qxf6 37. Rh4 Nf3+ 0-1

[Event "Bayern-chTT (RL Nord-Ost)"]
[Site "Bayern 2008/09"]
[Date "2008.10.26"]
[Round "2.5"]
[White "Lutz, Thomas"]
[Black "Thanner, Hans-Peter"]
[Result "0-1"]
[WhiteElo "1938"]
[BlackElo "2032"]
[PlyCount "79"]
[EventDate "2009.03.??"]
[EventType "team-tourn"]
[EventRounds "9"]
[WhiteTeam "Bechhofen 1"]
[BlackTeam "Regensburg-Fortuna 2"]

1. d4 d5 2. c4 dxc4 3. Nc3 c5 4. e3 e6 5. Nf3 Nf6 6. Bxc4 a6 7. a4 Nc6 8. O-O
Qc7 9. dxc5 Bxc5 10. Qe2 O-O 11. Rd1 b6 12. b3 Bb7 13. Bb2 Ne5 14. Nxe5 Qxe5
15. Nd5 Qg5 16. f4 Qh6 17. Nxf6+ gxf6 18. Bd4 Bxd4 19. Rxd4 b5 20. axb5 axb5
21. Rxa8 Rxa8 22. Bxb5 Qg6 23. Rd1 h5 24. Bd3 f5 25. Re1 Kh7 26. e4 Rg8 27. g3
h4 28. exf5 exf5 29. Qe5 Qb6+ 30. Kf1 hxg3 31. hxg3 Rxg3 32. Qxf5+ Kg7 33. Qh7+
Kf8 34. Qh8+ Rg8 35. Re8+ Kxe8 36. Qxg8+ Ke7 37. Qg5+ Kf8 38. Bc4 Qc6 39. Qd8+
Qe8 40. Qg5 0-1

[Event "Bayern-chTT (RL Nord-Ost)"]
[Site "Bayern 2008/09"]
[Date "2008.10.26"]
[Round "2.6"]
[White "Fellner, Guido"]
[Black "Boese, Klaus(63)"]
[Result "1-0"]
[WhiteElo "1855"]
[BlackElo "1953"]
[PlyCount "65"]
[EventDate "2009.03.??"]
[EventType "team-tourn"]
[EventRounds "9"]
[WhiteTeam "Regensburg-Fortuna 2"]
[BlackTeam "Bechhofen 1"]

1. e4 c5 2. Nf3 e6 3. d4 cxd4 4. Nxd4 a6 5. Bd3 Qc7 6. O-O Nf6 7. Kh1 d5 8.
exd5 Nxd5 9. Nd2 g6 10. Re1 Bg7 11. N2f3 O-O 12. c3 Nc6 13. Nxc6 bxc6 14. Bg5
Qb6 15. Qc2 c5 16. Rad1 Bb7 17. Nd2 Qc7 18. Be4 h6 19. Bh4 Rfe8 20. Bg3 e5 21.
Nc4 Rad8 22. h4 f5 23. Bf3 f4 24. Bh2 g5 25. hxg5 hxg5 26. Qg6 Nf6 27. Bxb7
Qxb7 28. Nd6 Rxd6 29. Rxd6 Rf8 30. Rxe5 Qxb2 31. Rxg5 Qc1+ 32. Bg1 Ne8 33. Qe6+
1-0

[Event "Bayern-chTT (RL Nord-Ost)"]
[Site "Bayern 2008/09"]
[Date "2008.10.26"]
[Round "2.7"]
[White "Wind, Patrick"]
[Black "Weber, Robert Dr(65)"]
[Result "0-1"]
[WhiteElo "1907"]
[BlackElo "1762"]
[PlyCount "82"]
[EventDate "2009.03.??"]
[EventType "team-tourn"]
[EventRounds "9"]
[WhiteTeam "Bechhofen 1"]
[BlackTeam "Regensburg-Fortuna 2"]

1. c4 Nf6 2. g3 g6 3. Bg2 Bg7 4. Nc3 O-O 5. d3 c5 6. Be3 d6 7. Qc1 Nc6 8. Bh6
Nd4 9. Bxg7 Kxg7 10. e3 Nc6 11. Nge2 Bd7 12. O-O a6 13. Rb1 Rb8 14. a3 Qa5 15.
Nd5 Nxd5 16. cxd5 Na7 17. b4 cxb4 18. Rxb4 Rfc8 19. Qb1 Kg8 20. Rxb7 Rxb7 21.
Qxb7 Rc7 22. Qb8+ Kg7 23. Qb2+ f6 24. h4 Nb5 25. Ra1 Qa4 26. Qb4 Qc2 27. Nf4
Kf7 28. a4 Nc3 29. Qb6 Nd1 30. e4 Rc5 31. d4 Qxf2+ 32. Kh2 Rc3 33. Rxd1 Qxg3+
34. Kg1 Qe3+ 35. Kh1 Qxf4 36. Qxa6 Qxh4+ 37. Kg1 Qg3 38. Qf1 Bh3 39. Rd2 Qe3+
40. Qf2 Bxg2 41. Kxg2 Qh3+ 0-1

[Event "Bayern-chTT (RL Nord-Ost)"]
[Site "Bayern 2008/09"]
[Date "2008.10.26"]
[Round "2.8"]
[White "Braun, Dieter Dr(59)"]
[Black "Lutz, Rainer Dr(81)"]
[Result "1-0"]
[WhiteElo "1692"]
[BlackElo "1883"]
[PlyCount "137"]
[EventDate "2009.03.??"]
[EventType "team-tourn"]
[EventRounds "9"]
[WhiteTeam "Regensburg-Fortuna 2"]
[BlackTeam "Bechhofen 1"]

1. e4 c5 2. Nc3 e6 3. Bc4 a6 4. a3 Nc6 5. d3 b5 6. Ba2 Bb7 7. Nf3 Be7 8. O-O
Qc7 9. Bg5 Rc8 10. Bxe7 Ngxe7 11. Ne2 Ng6 12. c3 O-O 13. Ng3 h6 14. Rc1 Nce5
15. Nxe5 Qxe5 16. d4 cxd4 17. Qxd4 Qxd4 18. cxd4 Nf4 19. Bb1 d5 20. e5 Rc4 21.
Rxc4 dxc4 22. f3 Rd8 23. Rd1 h5 24. Kf2 Kf8 25. Ne4 Ke7 26. g3 Nd5 27. Nc5 Bc8
28. Be4 Nb6 29. Bc6 Bd7 30. Bxd7 Nxd7 31. Nb7 Rb8 32. Nd6 Nb6 33. Ne4 Na4 34.
Rd2 Rc8 35. Nc3 Nb6 36. Ke2 Re8 37. Ne4 Na4 38. Nc3 Nb6 39. Ne4 Nd7 40. Nc3 Rc8
41. f4 Nb6 42. Ne4 Nd5 43. Nc3 Rd8 44. Ne4 h4 45. Nc5 hxg3 46. hxg3 Nc7 47. Kf3
Rb8 48. Rc2 Rb6 49. Ke2 Nd5 50. Kd2 Kd8 51. Rc1 Ne7 52. Rh1 Nf5 53. Rh8+ Ke7
54. Kc3 Nxg3 55. Kb4 Rc6 56. Ra8 Ne2 57. Ra7+ Ke8 58. Ra8+ Ke7 59. Ra7+ Kd8 60.
Rxf7 Nxd4 61. Rd7+ Ke8 62. Rxd4 Kf7 63. Rd6 Rc8 64. Rxa6 Kg6 65. Rxe6+ Kf5 66.
Re7 Kxf4 67. Rxg7 Kxe5 68. Rb7 c3 69. bxc3 1-0

[Event "Bayern-chTT (RL Nord-Ost)"]
[Site "Bayern 2008/09"]
[Date "2008.10.26"]
[Round "2.1"]
[White "Klimpel, Thomas"]
[Black "Illetsko, Jaroslav"]
[Result "1-0"]
[WhiteElo "2059"]
[BlackElo "2120"]
[PlyCount "83"]
[EventDate "2009.03.??"]
[EventType "team-tourn"]
[EventRounds "9"]
[WhiteTeam "Kareth-Lappersdorf 1"]
[BlackTeam "Windischeschenbach 1"]

1. d4 Nf6 2. c4 g6 3. Nc3 Bg7 4. e4 d6 5. Nf3 O-O 6. Be2 e5 7. O-O Nc6 8. d5
Ne7 9. b4 Nh5 10. Re1 h6 11. Nd2 Nf4 12. Bf1 g5 13. a4 g4 14. Ra3 Kh8 15. c5
Ng8 16. Nc4 f5 17. cxd6 cxd6 18. Bxf4 exf4 19. e5 dxe5 20. Nxe5 Bxe5 21. Rxe5
Qf6 22. Re1 g3 23. Qf3 gxh2+ 24. Kxh2 Qh4+ 25. Kg1 Nf6 26. Qh3 Qxh3 27. gxh3
Rg8+ 28. Kh2 Bd7 29. Bg2 Rg7 30. b5 Nh7 31. d6 Rb8 32. Nd5 Rg6 33. Re7 Rxd6 34.
Nxf4 b6 35. Rd3 Rxd3 36. Nxd3 Be8 37. Ne5 Nf6 38. Rxa7 Kg8 39. Nc6 Bxc6 40.
bxc6 Ne4 41. Bxe4 fxe4 42. Rd7 1-0

[Event "Bayern-chTT (RL Nord-Ost)"]
[Site "Bayern 2008/09"]
[Date "2008.10.26"]
[Round "2.2"]
[White "Zant, Juergen"]
[Black "Grabert, Ralf"]
[Result "0-1"]
[WhiteElo "1978"]
[BlackElo "2192"]
[PlyCount "112"]
[EventDate "2009.03.??"]
[EventType "team-tourn"]
[EventRounds "9"]
[WhiteTeam "Windischeschenbach 1"]
[BlackTeam "Kareth-Lappersdorf 1"]

1. c4 Nf6 2. Nc3 e5 3. g3 Bb4 4. Bg2 Bxc3 5. dxc3 O-O 6. Qc2 Re8 7. Bg5 h6 8.
Bd2 d6 9. Rd1 Nc6 10. e4 Be6 11. b3 a5 12. Bc1 a4 13. Ne2 axb3 14. axb3 Na5 15.
f4 exf4 16. gxf4 Bg4 17. b4 Nxc4 18. h3 Bh5 19. Rd4 Bxe2 20. Qxe2 b5 21. O-O
Qe7 22. e5 dxe5 23. fxe5 Ra1 24. Bxh6 Rxf1+ 25. Qxf1 Qxe5 26. Bf4 Qe6 27. Kh2
c6 28. Qf3 Nd5 29. Bg3 Nce3 30. Rd2 Nxg2 31. Qxg2 Qf6 32. Re2 Rxe2 33. Qxe2
Nxc3 34. Qb2 Nd5 35. Be5 Qe7 36. Bxg7 f6 37. Bh6 Qe5+ 38. Qxe5 fxe5 39. Bd2 Kf7
40. Kg3 Ke6 41. Kg4 Nf6+ 42. Kf3 Kf5 43. h4 Nd5 44. Kg3 e4 45. h5 e3 46. Be1
Kg5 47. Kf3 Kxh5 48. Ke4 Kg4 49. Kd4 Kf3 50. Kc5 Ke2 51. Bh4 Kd3 52. Be1 e2 53.
Bh4 Kc3 54. Be1+ Kb3 55. Bd2 Ne3 56. Kxc6 Kc4 0-1

[Event "Bayern-chTT (RL Nord-Ost)"]
[Site "Bayern 2008/09"]
[Date "2008.10.26"]
[Round "2.3"]
[White "Appel, Helmut(75)"]
[Black "Laubert, Johannes"]
[Result "1/2-1/2"]
[WhiteElo "2161"]
[BlackElo "2067"]
[PlyCount "91"]
[EventDate "2009.03.??"]
[EventType "team-tourn"]
[EventRounds "9"]
[WhiteTeam "Kareth-Lappersdorf 1"]
[BlackTeam "Windischeschenbach 1"]

1. e4 e6 2. d4 d5 3. e5 c5 4. c3 Qb6 5. Nf3 Nc6 6. Be2 cxd4 7. cxd4 Nge7 8. Na3
Nf5 9. Nc2 Be7 10. O-O Bd7 11. Rb1 Rc8 12. Kh1 h5 13. Bd2 a5 14. Bc3 g5 15.
Nfe1 g4 16. g3 Nb4 17. Qd2 Bb5 18. a3 Bxe2 19. Qxe2 Nc6 20. Rd1 Kd7 21. Ng2 Rh7
22. Nge3 Nxe3 23. Nxe3 Bg5 24. f4 gxf3 25. Rxf3 Rg8 26. Qf2 Ke8 27. Rf1 Qc7 28.
Ng2 Qe7 29. Qc2 Rgg7 30. Qa4 Qc7 31. Qb5 h4 32. gxh4 Bxh4 33. Nf4 Bg3 34. Rxg3
Rxg3 35. Qe2 Rg5 36. Qd3 Rhg7 37. Qf3 Qe7 38. Nh5 R7g6 39. Nf6+ Kd8 40. Qd3 Qc7
41. Qh3 Ne7 42. Rc1 b6 43. b3 Ng8 44. Qe3 Qe7 45. Bxa5 Qb7 46. Qc3 1/2-1/2

[Event "Bayern-chTT (RL Nord-Ost)"]
[Site "Bayern 2008/09"]
[Date "2008.10.26"]
[Round "2.4"]
[White "Kaeck, Ralf"]
[Black "Seidl, Juergen Dr(68)"]
[Result "0-1"]
[WhiteElo "1987"]
[BlackElo "2097"]
[PlyCount "40"]
[EventDate "2009.03.??"]
[EventType "team-tourn"]
[EventRounds "9"]
[WhiteTeam "Windischeschenbach 1"]
[BlackTeam "Kareth-Lappersdorf 1"]

1. d4 Nf6 2. Nf3 e6 3. e3 b6 4. Nbd2 Bb7 5. Bd3 c5 6. c3 Nc6 7. O-O Qc7 8. e4
cxd4 9. cxd4 Nb4 10. Bb1 Rc8 11. e5 Nfd5 12. Ng5 h6 13. Nxf7 Kxf7 14. Qh5+ Kg8
15. Bg6 Ne7 16. f4 Nxg6 17. Qxg6 Be7 18. f5 exf5 19. e6 Rf8 20. Nf3 Qd6 0-1

[Event "Bayern-chTT (RL Nord-Ost)"]
[Site "Bayern 2008/09"]
[Date "2008.10.26"]
[Round "2.5"]
[White "Strobel, Christian"]
[Black "Bloederl, Alfred"]
[Result "1/2-1/2"]
[WhiteElo "2092"]
[BlackElo "1977"]
[PlyCount "49"]
[EventDate "2009.03.??"]
[EventType "team-tourn"]
[EventRounds "9"]
[WhiteTeam "Kareth-Lappersdorf 1"]
[BlackTeam "Windischeschenbach 1"]

1. e4 c6 2. d4 d5 3. exd5 cxd5 4. Bd3 Nc6 5. c3 g6 6. Bf4 Bg7 7. Nd2 Nh6 8.
Ngf3 f6 9. c4 Be6 10. O-O Qd7 11. Re1 Nf5 12. Rxe6 Qxe6 13. Qa4 Qd7 14. cxd5
Ncxd4 15. Qb4 Nxf3+ 16. Nxf3 Nd6 17. Nd4 a6 18. Re1 Kf7 19. h4 Rhc8 20. Ne6 Bh8
21. h5 b5 22. hxg6+ hxg6 23. Bxg6+ Kxg6 24. Bxd6 Rc4 25. Nf4+ 1/2-1/2

[Event "Bayern-chTT (RL Nord-Ost)"]
[Site "Bayern 2008/09"]
[Date "2008.10.26"]
[Round "2.6"]
[White "Zimmermann, Andre(85)"]
[Black "Baumer, Andreas"]
[Result "1/2-1/2"]
[WhiteElo "1972"]
[BlackElo "1908"]
[PlyCount "109"]
[EventDate "2009.03.??"]
[EventType "team-tourn"]
[EventRounds "9"]
[WhiteTeam "Windischeschenbach 1"]
[BlackTeam "Kareth-Lappersdorf 1"]

1. d4 Nf6 2. c4 g6 3. Nc3 d5 4. cxd5 Nxd5 5. e4 Nxc3 6. bxc3 Bg7 7. Bc4 O-O 8.
Ne2 c5 9. O-O Nc6 10. Be3 Bg4 11. f3 Na5 12. Bxf7+ Rxf7 13. fxg4 Rxf1+ 14. Kxf1
Qd7 15. h3 Qe6 16. Qd3 Qc4 17. Qxc4+ Nxc4 18. Bg5 cxd4 19. cxd4 h6 20. Rc1 b5
21. Bxe7 Nd2+ 22. Kg1 Nxe4 23. d5 Be5 24. Rc6 Kf7 25. Ba3 Rd8 26. d6 Rd7 27.
Bc5 a5 28. Be3 g5 29. Nd4 Nxd6 30. Nf5 Ke6 31. Nxh6 Kd5 32. Rc5+ Ke4 33. Bf2
Nc4 34. Rxe5+ Nxe5 35. Kf1 Rd2 36. a3 Nd3 37. Bb6 Ra2 38. Bxa5 Rxa3 39. Bd2 b4
40. Nf7 b3 41. Nxg5+ Kd4 42. Nf3+ Kc4 43. Be3 Ra2 44. g5 Nc5 45. Bd4 Ne6 46.
Be5 Kd3 47. h4 Ke3 48. h5 Rc2 49. g6 Rc1+ 50. Ne1 Rc5 51. g7 Nxg7 52. Bxg7 Rxh5
53. Nf3 Rf5 54. Ke1 Rxf3 55. gxf3 1/2-1/2

[Event "Bayern-chTT (RL Nord-Ost)"]
[Site "Bayern 2008/09"]
[Date "2008.10.26"]
[Round "2.7"]
[White "Kues, Manuel"]
[Black "Prochazka, Bedrich"]
[Result "1-0"]
[WhiteElo "1848"]
[BlackElo "1991"]
[PlyCount "47"]
[EventDate "2009.03.??"]
[EventType "team-tourn"]
[EventRounds "9"]
[WhiteTeam "Kareth-Lappersdorf 1"]
[BlackTeam "Windischeschenbach 1"]

1. e4 e5 2. Nf3 Nc6 3. Bc4 Bc5 4. c3 Nf6 5. d4 exd4 6. cxd4 Bb4+ 7. Nc3 Nxe4 8.
O-O Bxc3 9. d5 Bf6 10. Re1 Ne7 11. Rxe4 d6 12. Bg5 Bxg5 13. Nxg5 h6 14. Bb5+ c6
15. dxc6 O-O 16. Qe2 Nxc6 17. Nxf7 Kxf7 18. Bc4+ Kg6 19. Re6+ Bxe6 20. Qxe6+
Qf6 21. Bd3+ Kg5 22. f4+ Kxf4 23. Qe4+ Kg5 24. h4+ 1-0

[Event "Bayern-chTT (RL Nord-Ost)"]
[Site "Bayern 2008/09"]
[Date "2008.10.26"]
[Round "2.8"]
[White "Steimar, Miroslav"]
[Black "Behrens, Kai"]
[Result "0-1"]
[WhiteElo "1954"]
[BlackElo "1857"]
[PlyCount "70"]
[EventDate "2009.03.??"]
[EventType "team-tourn"]
[EventRounds "9"]
[WhiteTeam "Windischeschenbach 1"]
[BlackTeam "Kareth-Lappersdorf 1"]

1. e4 e5 2. Nf3 d6 3. Bc4 Nd7 4. a4 Be7 5. Nc3 Ngf6 6. Ng5 O-O 7. a5 c6 8. d3
b5 9. axb6 Nxb6 10. Bb3 Ng4 11. Nf3 Bh4 12. O-O Kh8 13. g3 Be7 14. h3 Nh6 15.
Kg2 f5 16. exf5 Nxf5 17. g4 Nh4+ 18. Nxh4 Bxh4 19. f3 d5 20. Bd2 Bb7 21. Be1
Bf6 22. Bg3 c5 23. Ne2 e4 24. d4 Nc4 25. Bxc4 exf3+ 26. Kh2 dxc4 27. Nf4 Qxd4
28. Ne6 Qxd1 29. Raxd1 Rfe8 30. Nxc5 Re2+ 31. Rf2 Rxf2+ 32. Bxf2 Bc6 33. c3 Re8
34. Rd6 Be5+ 35. Bg3 Bxd6 0-1

[Event "Bayern-chTT (RL Nord-Ost)"]
[Site "Bayern 2008/09"]
[Date "2008.10.26"]
[Round "2.1"]
[White "Van Ginkel, Pieter"]
[Black "Blodig, Reinhard"]
[Result "1/2-1/2"]
[WhiteElo "2221"]
[BlackElo "2067"]
[PlyCount "116"]
[EventDate "2009.03.??"]
[EventType "team-tourn"]
[EventRounds "9"]
[WhiteTeam "Nürnberg-SW 1"]
[BlackTeam "Dietfurt 1"]

1. d4 g6 2. Nf3 d6 3. c4 f5 4. g3 Bg7 5. Bg2 Nf6 6. O-O O-O 7. Nc3 Qe8 8. d5 a5
9. Nd4 Na6 10. b3 Bd7 11. Bb2 h6 12. Qc2 Ng4 13. Qd2 c5 14. dxc6 bxc6 15. Na4
e5 16. Nc2 Nc5 17. Nxc5 dxc5 18. Rfd1 Rf7 19. Qd6 Kh7 20. h3 Bf8 21. Qc7 Rc8
22. Qxa5 Nf6 23. Qc3 Re7 24. Ne1 e4 25. e3 Re6 26. Rd2 Ra8 27. a3 Be7 28. Bf1
g5 29. Ng2 Bc8 30. b4 Qg8 31. b5 Nd7 32. Be2 Nb6 33. Qb3 cxb5 34. cxb5 Rd6 35.
Qxg8+ Kxg8 36. Rxd6 Bxd6 37. Ne1 Be6 38. Bd1 Kf7 39. a4 Nc4 40. Bc3 Bc7 41. Kf1
Ba5 42. Bxa5 Rxa5 43. Ke2 Ke7 44. Bc2 Bd7 45. Rc1 Nb6 46. Kd2 Nxa4 47. Bxa4
Rxa4 48. Rxc5 Rb4 49. Kc3 Rxb5 50. Rxb5 Bxb5 51. h4 gxh4 52. gxh4 Bf1 53. Kd4
Kf6 54. f3 exf3 55. Nxf3 Bg2 56. Ne5 Be4 57. Nc4 Bc2 58. Ne5 Be4 1/2-1/2

[Event "Bayern-chTT (RL Nord-Ost)"]
[Site "Bayern 2008/09"]
[Date "2008.10.26"]
[Round "2.2"]
[White "Blodig, Stefan"]
[Black "Abel, Peter"]
[Result "1-0"]
[WhiteElo "2005"]
[BlackElo "2204"]
[PlyCount "99"]
[EventDate "2009.03.??"]
[EventType "team-tourn"]
[EventRounds "9"]
[WhiteTeam "Dietfurt 1"]
[BlackTeam "Nürnberg-SW 1"]

1. e4 Nf6 2. e5 Nd5 3. c4 Nb6 4. d4 d6 5. exd6 cxd6 6. Nf3 g6 7. Be2 Bg7 8. O-O
Bg4 9. Nc3 Nc6 10. Be3 O-O 11. b3 d5 12. c5 Nc8 13. Rc1 e6 14. Qd2 N8e7 15. h3
Bxf3 16. Bxf3 Nf5 17. Ne2 Nh4 18. b4 a6 19. a4 Nxf3+ 20. gxf3 Qd7 21. Kg2 Ne7
22. Qd1 Nf5 23. Ng3 Nh4+ 24. Kh2 h6 25. f4 Kh7 26. Ra1 Rfe8 27. Qd3 Bf6 28. b5
Bd8 29. Rfc1 axb5 30. axb5 Bc7 31. b6 Rxa1 32. Rxa1 Bb8 33. Bd2 Kg7 34. Rg1 Kf8
35. Nf1 Qa4 36. Be3 Nf3+ 37. Kh1 Nxg1 38. Kxg1 Ke7 39. Nd2 Qa6 40. Qxa6 bxa6
41. Nb3 Kd7 42. Na5 g5 43. fxg5 hxg5 44. c6+ Kc8 45. Nb7 e5 46. Nc5 exd4 47.
Bd2 Bd6 48. Nxa6 d3 49. b7+ Kd8 50. Bxg5+ 1-0

[Event "Bayern-chTT (RL Nord-Ost)"]
[Site "Bayern 2008/09"]
[Date "2008.10.26"]
[Round "2.3"]
[White "Saathoff, Richard"]
[Black "Bader, Dominic"]
[Result "1-0"]
[WhiteElo "2109"]
[BlackElo "1936"]
[PlyCount "94"]
[EventDate "2009.03.??"]
[EventType "team-tourn"]
[EventRounds "9"]
[WhiteTeam "Nürnberg-SW 1"]
[BlackTeam "Dietfurt 1"]

1. e4 c5 2. Nf3 Nc6 3. d4 cxd4 4. Nxd4 Nf6 5. Nc3 e6 6. Nxc6 bxc6 7. e5 Nd5 8.
Ne4 Qc7 9. f4 Qb6 10. c4 Bb4+ 11. Ke2 f5 12. exf6 Nxf6 13. Be3 Qc7 14. Nxf6+
gxf6 15. Kf2 O-O 16. Bd3 d5 17. Rf1 d4 18. Bd2 Bxd2 19. Qxd2 c5 20. Rae1 f5 21.
Kg1 Rf6 22. Qe2 Bb7 23. Qe5 Qg7 24. Rf2 Rg6 25. Qxg7+ Kxg7 26. Re5 Rc8 27. Bxf5
exf5 28. Re7+ Kg8 29. Rxb7 Re6 30. h3 Re1+ 31. Rf1 Re2 32. Rf3 Rce8 33. Rg3+
Kh8 34. Rb5 Re1+ 35. Kh2 Rd8 36. Rd3 Rc8 37. Rb7 Re2 38. Ra3 Rg8 39. Rg3 Rd8
40. Rgg7 Rxb2 41. Rxh7+ Kg8 42. Rbg7+ Kf8 43. Rxa7 Kg8 44. Rag7+ Kf8 45. Rg5
Rxa2 46. Rh8+ Ke7 47. Rxd8 Kxd8 1-0

[Event "Bayern-chTT (RL Nord-Ost)"]
[Site "Bayern 2008/09"]
[Date "2008.10.26"]
[Round "2.4"]
[White "Blodig, Carolin"]
[Black "Stiller, Juergen"]
[Result "0-1"]
[WhiteElo "1915"]
[BlackElo "2164"]
[PlyCount "48"]
[EventDate "2009.03.??"]
[EventType "team-tourn"]
[EventRounds "9"]
[WhiteTeam "Dietfurt 1"]
[BlackTeam "Nürnberg-SW 1"]

1. e4 c6 2. d4 d5 3. exd5 cxd5 4. c4 Nf6 5. Nc3 g6 6. Nf3 Bg7 7. Be2 O-O 8. O-O
Nc6 9. Bg5 dxc4 10. d5 Na5 11. Qa4 Bd7 12. Qb4 Rc8 13. Ne5 Bf5 14. Nxc4 Nxc4
15. Bxc4 h6 16. Bf4 Nh5 17. Be3 a6 18. Bc5 Qc7 19. Bxe7 Rfe8 20. Bxa6 bxa6 21.
d6 Qc6 22. g4 Qf3 23. gxh5 Bxc3 24. Qh4 Be4 0-1

[Event "Bayern-chTT (RL Nord-Ost)"]
[Site "Bayern 2008/09"]
[Date "2008.10.26"]
[Round "2.5"]
[White "Eiber, Manfred"]
[Black "Blodig, Christoph"]
[Result "1-0"]
[WhiteElo "2122"]
[BlackElo "1858"]
[PlyCount "69"]
[EventDate "2009.03.??"]
[EventType "team-tourn"]
[EventRounds "9"]
[WhiteTeam "Nürnberg-SW 1"]
[BlackTeam "Dietfurt 1"]

1. d4 d5 2. Nf3 e6 3. e3 Nf6 4. Bd3 c5 5. c3 Nc6 6. Nbd2 a6 7. O-O Be7 8. dxc5
Bxc5 9. e4 O-O 10. e5 Ng4 11. Nb3 Be7 12. Re1 f6 13. exf6 Nxf6 14. Qc2 Bd6 15.
Nbd4 e5 16. Nxc6 bxc6 17. Nxe5 Re8 18. Nf3 Bg4 19. Bg5 Bxf3 20. gxf3 h6 21. Bh4
Qc7 22. Bg3 Nh5 23. Rxe8+ Rxe8 24. Bg6 Bxg3 25. hxg3 Re5 26. f4 Nxf4 27. gxf4
Re6 28. Bf5 Rf6 29. Bh7+ Kf7 30. f5 Qf4 31. Bg6+ Kf8 32. Qd3 Qg4+ 33. Qg3 Qe2
34. b4 Qd2 35. Qe3 1-0

[Event "Bayern-chTT (RL Nord-Ost)"]
[Site "Bayern 2008/09"]
[Date "2008.10.26"]
[Round "2.6"]
[White "Egert, Stefan"]
[Black "Bunk, Karsten"]
[Result "0-1"]
[WhiteElo "1835"]
[BlackElo "2010"]
[PlyCount "84"]
[EventDate "2009.03.??"]
[EventType "team-tourn"]
[EventRounds "9"]
[WhiteTeam "Dietfurt 1"]
[BlackTeam "Nürnberg-SW 1"]

1. e4 c5 2. Nc3 e6 3. g3 b6 4. Bg2 Bb7 5. f4 d6 6. d3 Nd7 7. Nge2 a6 8. O-O
Ngf6 9. h3 Qc7 10. Be3 g6 11. Qd2 Bg7 12. Rab1 O-O 13. g4 Rfe8 14. f5 exf5 15.
gxf5 Ne5 16. Bh6 Nh5 17. Bxg7 Kxg7 18. Nf4 Nf6 19. Ncd5 Bxd5 20. Nxd5 Nxd5 21.
exd5 f6 22. Qf2 g5 23. Be4 h5 24. Qg2 Kf7 25. Kf2 Rh8 26. Rg1 Rag8 27. Ke2 b5
28. Rbc1 b4 29. Qf1 Qa5 30. Ra1 Qb5 31. Kd2 Re8 32. a4 bxa3 33. Rxa3 Qb4+ 34.
Kc1 Rb8 35. Rb3 Qd4 36. Rxb8 Rxb8 37. c3 Qe3+ 38. Kc2 c4 39. Kb1 cxd3 40. Qd1
Qxe4 41. Qxh5+ Ke7 42. Rg4 Qxf5 0-1

[Event "Bayern-chTT (RL Nord-Ost)"]
[Site "Bayern 2008/09"]
[Date "2008.10.26"]
[Round "2.7"]
[White "Meulner, Klaus"]
[Black "Blodig, Martin"]
[Result "1-0"]
[WhiteElo "2069"]
[BlackElo "1810"]
[PlyCount "69"]
[EventDate "2009.03.??"]
[EventType "team-tourn"]
[EventRounds "9"]
[WhiteTeam "Nürnberg-SW 1"]
[BlackTeam "Dietfurt 1"]

1. Nf3 e6 2. c4 d5 3. g3 Nf6 4. Bg2 Bd6 5. d4 dxc4 6. O-O O-O 7. Qc2 Nbd7 8. e4
e5 9. Qxc4 exd4 10. Nxd4 Re8 11. Nc3 Nb6 12. Qd3 Be5 13. Rd1 c5 14. Nde2 Be6
15. Qc2 Qc7 16. Nf4 Bg4 17. f3 Bd4+ 18. Kh1 Bxc3 19. Qxc3 Be6 20. Be3 c4 21.
Bd4 Nbd7 22. a4 b6 23. Rd2 a6 24. Qb4 g5 25. Ne2 Nh5 26. Be3 h6 27. f4 gxf4 28.
gxf4 Bg4 29. Rg1 Kh7 30. e5 Bxe2 31. Be4+ Kh8 32. Rxe2 Rab8 33. Rd2 Nxe5 34.
fxe5 Qxe5 35. Bd4 1-0